Carregando...
Research highlights SKUAST-J 2004-08
| Autor principal: | |
|---|---|
| Outros Autores: | |
| Formato: | Report |
| Publicado em: |
Jammu
Directorate of research
2004
|
| LEADER | 00494nam a22001577a 4500 | ||
|---|---|---|---|
| 003 | OSt | ||
| 082 | |a SKUAST |b RH/2004-08 | ||
| 100 | |a Sharma nagendra | ||
| 245 | |a Research highlights SKUAST-J 2004-08 | ||
| 260 | |a Jammu |b Directorate of research |c 2004 | ||
| 300 | |a 106 | ||
| 546 | |a English | ||
| 700 | |a Kher deepak | ||
| 942 | |2 ddc |c REP | ||
| 999 | |c 155340 |d 155340 | ||
| 952 | |0 0 |1 0 |2 ddc |4 0 |6 SKUAST_RH200408 |7 1 |9 154398 |a KAUCLV |b KAUCLV |c REPORTS |d 2017-04-26 |o SKUAST RH/2004-08 |p 808325 |r 2017-04-26 |w 2017-04-26 |y REP | ||